[Event "Tata Steel India Blitz"]
[Site "Kolkata IND"]
[Date "2021.11.20"]
[Round "1.1"]
[White "Vidit, Santosh Gujrathi"]
[Black "Sadhwani, Raunak"]
[Result "1-0"]
[WhiteTitle "GM"]
[BlackTitle "GM"]
[WhiteElo "2727"]
[BlackElo "2609"]
[WhiteFideId "5029465"]
[BlackFideId "35093487"]
[EventDate "2021.11.20"]

1. d4 Nf6 2. c4 g6 3. Nc3 Bg7 4. g3 d5 5. cxd5 Nxd5 6. Bg2 Nxc3 7. bxc3 c5 8.
Nf3 Nc6 9. O-O cxd4 10. Nxd4 Nxd4 11. cxd4 Qxd4 12. Rb1 O-O 13. Qxd4 Bxd4 14.
Bh6 Bg7 15. Bf4 a5 16. Bxb7 Bxb7 17. Rxb7 Bf6 18. e4 g5 19. Be3 Rfc8 20. Rd1 Rc2
21. Rd2 Rac8 22. Rb5 Rxd2 23. Bxd2 Rc2 24. Bxa5 Rxa2 25. e5 Bg7 26. Rb8+ Bf8 27.
Bc3 Rc2 28. Bd4 Rd2 29. Be3 Rd1+ 30. Kg2 h6 31. h4 Kg7 32. hxg5 hxg5 33. Bxg5
Rd5 34. f4 Ra5 35. Kf3 Ra6 36. Rb7 e6 37. Rb8 Bc5 38. Bf6+ Kh7 39. Rh8+ Kg6 40.
Rg8+ Kh6 41. g4 Ra3+ 42. Kg2 Ra2+ 43. Kg3 Ra3+ 44. Kg2 Ra2+ 45. Kf3 Ra3+ 46. Ke2
Ra2+ 47. Kd3 Ra4 48. f5 exf5 49. gxf5 Kh5 50. Rg7 Ra7 51. Kc4 Bf8 52. Rg8 Bh6
53. Kd5 Bc1 54. Ke4 Ra4+ 55. Kd3 Ra7 56. Rg7 Bh6 57. Rg2 Bf4 58. Ke4 Bc1 59. Rc2
Ba3 60. Kf3 1-0

[Event "Tata Steel India Blitz"]
[Site "Kolkata IND"]
[Date "2021.11.20"]
[Round "1.3"]
[White "Le, Quang Liem"]
[Black "Aronian, Levon"]
[Result "1/2-1/2"]
[WhiteTitle "GM"]
[BlackTitle "GM"]
[WhiteElo "2709"]
[BlackElo "2782"]
[WhiteFideId "12401137"]
[BlackFideId "13300474"]
[EventDate "2021.11.20"]

1. d4 d5 2. Nf3 Nf6 3. c4 dxc4 4. e3 e6 5. Bxc4 a6 6. O-O c5 7. dxc5 Qxd1 8.
Rxd1 Bxc5 9. Nbd2 O-O 10. b3 Nc6 11. Bb2 Rd8 12. Be2 Bd7 13. Rac1 Be7 14. Nc4
Be8 15. g3 Rxd1+ 16. Rxd1 Rd8 17. Rxd8 Nxd8 18. Kf1 b5 19. Nce5 Ne4 20. Bd3 Nc5
21. Bc2 f6 22. Nd3 Bg6 23. Nfe1 e5 24. Nxc5 Bxc5 25. Bxg6 hxg6 26. Nd3 Bd6 27.
e4 g5 28. f3 Kf7 29. Ke2 Ne6 30. Bc3 Ke7 31. Ne1 Bc5 32. Nc2 Kd6 33. Ne3 Bxe3
34. Kxe3 Kc5 35. Kd3 b4 36. Bd2 a5 37. Be3+ Kb5 38. h3 Nc5+ 39. Bxc5 Kxc5 40. g4
Kb5 41. Ke3 Kc5 42. Kd3 Kb5 43. Ke3 1/2-1/2

[Event "Tata Steel India Blitz"]
[Site "Kolkata IND"]
[Date "2021.11.20"]
[Round "1.5"]
[White "Shankland, Sam"]
[Black "Maghsoodloo, Parham"]
[Result "0-1"]
[WhiteTitle "GM"]
[BlackTitle "GM"]
[WhiteElo "2708"]
[BlackElo "2706"]
[WhiteFideId "2004887"]
[BlackFideId "12539929"]
[EventDate "2021.11.20"]

1. d4 Nf6 2. c4 e6 3. Nf3 d5 4. Nc3 a6 5. c5 g6 6. Bf4 Bg7 7. h3 Nc6 8. e3 O-O
9. Be2 Ne4 10. O-O Qe7 11. Bh2 Rd8 12. Qc2 Nxc3 13. Qxc3 f6 14. b4 e5 15. Rfe1
Bf5 16. a4 a5 17. b5 Nb4 18. Rad1 Be4 19. dxe5 Bxf3 20. Bxf3 fxe5 21. e4 d4 22.
Qc4+ Qf7 23. Qxf7+ Kxf7 24. Bg4 h5 25. Be2 d3 26. Bf1 Rd4 27. Re3 Rad8 28. h4 d2
29. Be2 Nc2 30. Rc3 Nb4 31. f3 Kf6 32. Kf1 Bh6 33. Bg1 R4d7 34. Bc4 Bf4 35. Ke2
g5 36. hxg5+ Kxg5 37. Bf2 h4 38. Be6 Rd4 39. Bxd4 exd4 40. Rd3 Nxd3 41. Kxd3 Be3
42. Bd5 b6 43. cxb6 cxb6 44. Bc6 Kf4 45. Rh1 Kg3 46. Ke2 Kxg2 47. Rxh4 d3+ 48.
Kd1 Rd4 49. f4 Rxa4 50. e5+ Kg3 0-1

[Event "Tata Steel India Blitz"]
[Site "Kolkata IND"]
[Date "2021.11.20"]
[Round "2.2"]
[White "Aronian, Levon"]
[Black "Nihal, Sarin"]
[Result "1/2-1/2"]
[WhiteTitle "GM"]
[BlackTitle "GM"]
[WhiteElo "2782"]
[BlackElo "2650"]
[WhiteFideId "13300474"]
[BlackFideId "25092340"]
[EventDate "2021.11.20"]

1. e4 e5 2. Nf3 Nc6 3. Bb5 a6 4. Ba4 Bc5 5. c3 Nge7 6. d4 exd4 7. cxd4 Bb4+ 8.
Nc3 d5 9. e5 Bg4 10. Be3 O-O 11. h3 Bh5 12. g4 Bg6 13. Nh4 b5 14. Bb3 Nxd4 15.
Qxd4 c5 16. Qf4 d4 17. Rd1 Qc7 18. O-O dxe3 19. Qxe3 c4 20. Nxg6 Nxg6 21. Nd5
Qxe5 22. Qxe5 Nxe5 23. Nxb4 cxb3 24. axb3 Rfc8 25. f4 Nc6 26. Nd5 Rd8 27. Nc7
Ra7 28. Rxd8+ Nxd8 29. Rd1 Ne6 30. Nxe6 fxe6 31. Rd6 Kf7 32. b4 Rc7 33. Rxa6 Rc4
34. Ra7+ Kf8 35. Ra8+ Kf7 36. Ra7+ Kf8 37. Ra8+ 1/2-1/2

[Event "Tata Steel India Blitz"]
[Site "Kolkata IND"]
[Date "2021.11.20"]
[Round "2.3"]
[White "Sadhwani, Raunak"]
[Black "Maghsoodloo, Parham"]
[Result "1-0"]
[WhiteTitle "GM"]
[BlackTitle "GM"]
[WhiteElo "2609"]
[BlackElo "2706"]
[WhiteFideId "35093487"]
[BlackFideId "12539929"]
[EventDate "2021.11.20"]

1. d4 d5 2. Nf3 Nf6 3. Bf4 c5 4. e3 Nc6 5. Nbd2 cxd4 6. exd4 Qb6 7. Nb3 Bf5 8.
Bd3 Bxd3 9. Qxd3 e6 10. O-O Be7 11. a4 a6 12. a5 Qb5 13. Ne5 Qxd3 14. Nxd3 Nd7
15. c3 f6 16. Rfe1 Kf7 17. h4 Rhe8 18. Re2 Rac8 19. Rae1 Bf8 20. Bg3 Nd8 21. Nf4
Re7 22. Nd3 Re8 23. Nf4 Re7 24. f3 g6 25. Kf2 h6 26. h5 g5 27. Ng6 Re8 28. f4
Bd6 29. f5 Bxg3+ 30. Kxg3 Rc6 31. Nc1 e5 32. dxe5 fxe5 33. Nxe5+ Nxe5 34. Rxe5
Rxe5 35. Rxe5 Rc5 36. Ne2 Rxa5 37. Nd4 Rc5 38. Kf3 a5 39. Ke3 a4 40. Kd3 Kf6 41.
Re8 Nf7 42. Re6+ Kg7 43. f6+ Kf8 44. Re7 Rc8 45. Ne6+ Kg8 46. Kd4 b5 47. Kxd5 a3
48. bxa3 Rxc3 49. Re8+ Kh7 1-0

[Event "Tata Steel India Blitz"]
[Site "Kolkata IND"]
[Date "2021.11.20"]
[Round "2.4"]
[White "Vidit, Santosh Gujrathi"]
[Black "Harika, Dronavalli"]
[Result "1-0"]
[WhiteTitle "GM"]
[BlackTitle "GM"]
[WhiteElo "2727"]
[BlackElo "2511"]
[WhiteFideId "5029465"]
[BlackFideId "5015197"]
[EventDate "2021.11.20"]

1. d4 d5 2. c4 c6 3. cxd5 cxd5 4. Bf4 Nc6 5. e3 Nf6 6. Nc3 a6 7. Be2 Ne4 8. Nf3
Bf5 9. O-O e6 10. Nxe4 Bxe4 11. Nd2 Bg6 12. Rc1 Bd6 13. Bxd6 Qxd6 14. Qb3 Rb8
15. a3 O-O 16. Qb6 Qd8 17. Qxd8 Rfxd8 18. Nb3 Rdc8 19. Nc5 Ne7 20. Rc3 Rc6 21.
Rb3 b5 22. Rc1 Nf5 23. Rbc3 Nd6 24. b3 h6 25. Nd7 Rxc3 26. Rxc3 Rc8 27. Rxc8+
Nxc8 28. Nc5 a5 29. Bxb5 Nb6 30. Nb7 Bc2 31. Nxa5 Kf8 32. Kf1 Ke7 33. Ke2 Kd6
34. Kd2 Be4 35. f3 Bg6 36. Nb7+ Kc7 37. Nc5 Kd6 38. a4 e5 39. a5 Nc8 40. b4 f6
41. Ba6 Na7 42. b5 Be8 43. b6 Nc6 44. Bb5 exd4 45. exd4 Nxa5 46. b7 1-0

[Event "Tata Steel India Blitz"]
[Site "Kolkata IND"]
[Date "2021.11.20"]
[Round "3.1"]
[White "Shankland, Sam"]
[Black "Aronian, Levon"]
[Result "0-1"]
[WhiteTitle "GM"]
[BlackTitle "GM"]
[WhiteElo "2708"]
[BlackElo "2782"]
[WhiteFideId "2004887"]
[BlackFideId "13300474"]
[EventDate "2021.11.20"]

1. e4 e5 2. Nf3 Nf6 3. Nxe5 d6 4. Nf3 Nxe4 5. d4 d5 6. Bd3 Bd6 7. O-O O-O 8. c4
c6 9. Re1 Bf5 10. Nc3 Nxc3 11. bxc3 Bxd3 12. Qxd3 dxc4 13. Qxc4 Nd7 14. Bg5 Qc7
15. Re2 b5 16. Qd3 Rfe8 17. Rae1 Rxe2 18. Rxe2 Nb6 19. Bh4 Nd5 20. Bg3 Bxg3 21.
hxg3 f6 22. c4 bxc4 23. Qxc4 Qd7 24. Nd2 Rb8 25. Nb3 h5 26. f3 Re8 27. Nc5 Qf7
28. Ne4 Re6 29. Rb2 Qc7 30. Rc2 Qa5 31. Kf2 Kh7 32. Qd3 Kh6 33. Qd2+ Qxd2+ 34.
Rxd2 g5 35. a3 Kg6 36. Rc2 g4 37. Nc5 Re3 38. a4 Ra3 39. Rb2 Nc3 40. Rb7 Ra2+
41. Kg1 Ne2+ 42. Kh2 Nxd4 43. fxg4 hxg4 44. Kg1 Ne2+ 45. Kh2 Nd4 46. Kg1 a5 47.
Ra7 Ne2+ 48. Kh2 Ra3 49. Rxa5 Nxg3 50. Ne6 Ne2 51. Rc5 Rxa4 52. Rxc6 Kf5 53. Nc5
Rc4 54. Rc8 g3+ 55. Kh3 Rc1 0-1

[Event "Tata Steel India Blitz"]
[Site "Kolkata IND"]
[Date "2021.11.20"]
[Round "3.3"]
[White "Nihal, Sarin"]
[Black "Gukesh, D"]
[Result "0-1"]
[WhiteTitle "GM"]
[BlackTitle "GM"]
[WhiteElo "2650"]
[BlackElo "2621"]
[WhiteFideId "25092340"]
[BlackFideId "46616543"]
[EventDate "2021.11.20"]

1. d4 Nf6 2. c4 e6 3. g3 d5 4. Bg2 Bb4+ 5. Nd2 O-O 6. Nf3 b6 7. O-O Bb7 8. Ne5
a5 9. a3 Be7 10. b3 Nbd7 11. Bb2 c5 12. Nxd7 Qxd7 13. dxc5 bxc5 14. cxd5 Bxd5
15. Qc2 Bxg2 16. Kxg2 a4 17. bxa4 Rxa4 18. Rac1 Rb8 19. Kg1 h6 20. Rfd1 Qc6 21.
Nf3 Re4 22. Rb1 Rc8 23. Ne5 Qa8 24. Nc4 Qc6 25. Bxf6 gxf6 26. e3 Rg4 27. Rbc1
Kg7 28. Qe2 Rg6 29. Nd2 h5 30. Nf3 c4 31. Nh4 Rg5 32. Rc3 Bd8 33. Rdc1 Rc5 34.
Ng2 Ba5 35. R3c2 c3 36. Nf4 h4 37. Qg4+ Rg5 38. Qe2 hxg3 39. hxg3 Rh8 40. e4 Re5
41. f3 Rg5 42. Kg2 Qd6 43. Qe3 Bb6 44. e5 Bxe3 0-1

[Event "Tata Steel India Blitz"]
[Site "Kolkata IND"]
[Date "2021.11.20"]
[Round "3.4"]
[White "Le, Quang Liem"]
[Black "Vidit, Santosh Gujrathi"]
[Result "1-0"]
[WhiteTitle "GM"]
[BlackTitle "GM"]
[WhiteElo "2709"]
[BlackElo "2727"]
[WhiteFideId "12401137"]
[BlackFideId "5029465"]
[EventDate "2021.11.20"]

1. d4 Nf6 2. Nf3 d5 3. c3 c5 4. dxc5 e6 5. b4 a5 6. e3 axb4 7. cxb4 b6 8. Bb5+
Bd7 9. Bxd7+ Nbxd7 10. a4 bxc5 11. b5 Bd6 12. Bb2 g5 13. Qe2 g4 14. Nfd2 Qc7 15.
e4 Be5 16. Bxe5 Qxe5 17. Ra3 c4 18. O-O O-O 19. a5 Qb2 20. b6 Kh8 21. Re1 Nxb6
22. axb6 Rxa3 23. Nxa3 Qxa3 24. exd5 Qb2 25. dxe6 c3 26. e7 Rc8 27. Nc4 Qxe2 28.
Rxe2 Ne8 29. b7 Rb8 30. Na5 Nd6 31. Rc2 Kg7 32. Rxc3 Re8 33. Kf1 Nxb7 34. Nxb7
Rxe7 35. Nd6 Re6 36. Nf5+ Kg6 37. Rc5 h6 38. Ne3 h5 39. g3 Ra6 40. Nd5 f5 41.
Ne7+ 1-0

[Event "Tata Steel India Blitz"]
[Site "Kolkata IND"]
[Date "2021.11.20"]
[Round "3.5"]
[White "Harika, Dronavalli"]
[Black "Sadhwani, Raunak"]
[Result "1-0"]
[WhiteTitle "GM"]
[BlackTitle "GM"]
[WhiteElo "2511"]
[BlackElo "2609"]
[WhiteFideId "5015197"]
[BlackFideId "35093487"]
[EventDate "2021.11.20"]

1. e4 e5 2. Nf3 Nc6 3. Nc3 Nf6 4. d4 exd4 5. Nxd4 Bb4 6. Nxc6 bxc6 7. Bd3 O-O 8.
O-O d5 9. Bd2 Rb8 10. Re1 h6 11. h3 Re8 12. a3 Bf8 13. b4 Bb7 14. exd5 Rxe1+ 15.
Qxe1 cxd5 16. Nb5 d4 17. Qe5 a6 18. Nxd4 Bd6 19. Qe2 Qd7 20. Nf5 Re8 21. Qf1 Bf8
22. Re1 Ne4 23. Bxe4 Rxe4 24. Rxe4 Bxe4 25. Ng3 Bxc2 26. Be3 Qa4 27. Qc1 Bd6 28.
Ne2 Bd3 29. Nf4 Be4 30. Ne2 Qb3 31. Bf4 Bf8 32. Ng3 Bg6 33. Bxc7 h5 34. Bf4 Qd3
35. Nf1 h4 36. Qe3 Qd1 37. Qc1 Qb3 38. Qe3 Qc4 39. Qc1 Qa2 40. Qc8 Qd5 41. Be3
Bf5 42. Qb8 Qd1 43. Bc5 Bd3 44. Qxf8+ Kh7 45. Qxf7 Qxf1+ 46. Kh2 Qe2 47. Qf4 Qh5
48. Be7 Qd5 49. Bxh4 Be4 50. f3 Bg6 51. Bg3 Qa2 52. Qh4+ Kg8 53. Qd8+ Kh7 54.
Qh4+ Kg8 55. Qg5 Kh7 56. h4 Bd3 57. Qh5+ Kg8 58. Qe8+ Kh7 59. Qh5+ Kg8 60. Qg5
Kh7 61. Be5 Qf7 62. h5 Qd7 63. Kg3 Bc2 64. Kh2 Qf7 65. Kg3 Qd7 66. Kh2 Qf7 67.
Qf4 Qxh5+ 68. Kg3 Qg6+ 69. Qg4 Qf7 70. Qh4+ Kg8 71. Qf4 Qg6+ 72. Qg4 Kf7 73.
Qxg6+ Kxg6 74. Kf4 Kf7 75. g4 g6 76. Kg3 Bd1 77. f4 Bc2 78. Kh4 Ke6 79. Kg5 Kd5
80. Bg7 Kc4 81. f5 gxf5 82. gxf5 Kb5 83. Bf8 Ka4 84. Be7 Bb3 85. f6 a5 86. Kh6
Kb5 87. Kg7 Ka4 88. f7 Bxf7 89. Kxf7 1-0

[Event "Tata Steel India Blitz"]
[Site "Kolkata IND"]
[Date "2021.11.20"]
[Round "4.2"]
[White "Harika, Dronavalli"]
[Black "Le, Quang Liem"]
[Result "0-1"]
[WhiteTitle "GM"]
[BlackTitle "GM"]
[WhiteElo "2511"]
[BlackElo "2709"]
[WhiteFideId "5015197"]
[BlackFideId "12401137"]
[EventDate "2021.11.20"]

1. e4 c6 2. d4 d5 3. exd5 cxd5 4. c3 Bf5 5. Bf4 Nc6 6. Nd2 e6 7. Ngf3 Bd6 8.
Bxd6 Qxd6 9. Nh4 Bg6 10. Be2 Nge7 11. O-O Nf5 12. Nxf5 Bxf5 13. Re1 O-O 14. Nf3
Rab8 15. h3 b5 16. a3 Na5 17. Bd3 Bxd3 18. Qxd3 h6 19. Ne5 Nc4 20. Re2 Nxe5 21.
Rxe5 a5 22. Re3 Rfc8 23. b4 Rc4 24. Rg3 Ra8 25. Re1 axb4 26. axb4 Qf4 27. Rf3
Qh4 28. Rg3 Ra2 29. Re2 Rxc3 30. Rxa2 Rxd3 31. Rxd3 Qe4 32. Rdd2 Qb1+ 33. Kh2
Qxb4 34. g3 g5 35. Rab2 Qc3 36. Rbc2 Qa3 37. Ra2 Qf3 38. Rab2 Qc3 39. Rbc2 Qa5
40. Ra2 Qb6 41. Rab2 b4 42. Rb3 h5 43. Kg2 Kg7 44. Rd1 g4 45. hxg4 hxg4 46. Rd2
Kg6 47. Rdb2 Qxd4 48. Rxb4 Qd1 49. R4b3 d4 50. Ra3 Qc1 51. Raa2 e5 52. Rc2 Qd1
53. Rd2 Qf3+ 54. Kg1 f6 55. Rab2 Qc3 56. Rbc2 Qa3 57. Ra2 Qc1+ 58. Kg2 Qc6+ 59.
Kg1 Kf5 60. Rac2 Qd5 61. Rb2 d3 62. Rb4 Qc5 63. Rbb2 Ke4 64. Kg2 Kd4 65. Ra2
Qc6+ 66. Kg1 f5 67. Rab2 Qc1+ 68. Kg2 Kc3 69. Rb3+ Kxd2 0-1

[Event "Tata Steel India Blitz"]
[Site "Kolkata IND"]
[Date "2021.11.20"]
[Round "4.3"]
[White "Aronian, Levon"]
[Black "Maghsoodloo, Parham"]
[Result "0-1"]
[WhiteTitle "GM"]
[BlackTitle "GM"]
[WhiteElo "2782"]
[BlackElo "2706"]
[WhiteFideId "13300474"]
[BlackFideId "12539929"]
[EventDate "2021.11.20"]

1. d4 d5 2. c4 e6 3. Nf3 Nf6 4. Nc3 dxc4 5. e4 b5 6. e5 Nd5 7. Nxb5 Nb6 8. Be2
Nc6 9. O-O Be7 10. Qc2 a6 11. Nc3 Nxd4 12. Nxd4 Qxd4 13. Bf3 Rb8 14. Qe2 Qd3 15.
Qe1 Bb7 16. Bxb7 Rxb7 17. Be3 O-O 18. Rd1 Qf5 19. Bc1 Rbb8 20. Rd4 Rbd8 21. Re4
Bb4 22. Qe2 Bxc3 23. bxc3 Rb8 24. g4 Qg6 25. f4 Nd5 26. Rxc4 h5 27. h3 Rb1 28.
Kh2 hxg4 29. hxg4 Rfb8 30. f5 Qh7+ 31. Kg3 Rxc1 32. Rxc1 Qh6 33. Rg1 exf5 34.
gxf5 Ne3 35. Rf4 Qg5+ 36. Kf3 Qxg1 37. Qxe3 Qh1+ 38. Kg3 Rb1 39. Rf2 Rg1+ 40.
Kf4 Qh4+ 0-1

[Event "Tata Steel India Blitz"]
[Site "Kolkata IND"]
[Date "2021.11.20"]
[Round "4.5"]
[White "Vidit, Santosh Gujrathi"]
[Black "Nihal, Sarin"]
[Result "1-0"]
[WhiteTitle "GM"]
[BlackTitle "GM"]
[WhiteElo "2727"]
[BlackElo "2650"]
[WhiteFideId "5029465"]
[BlackFideId "25092340"]
[EventDate "2021.11.20"]

1. d4 g6 2. e4 Bg7 3. Nc3 d6 4. g3 Nc6 5. Be3 e5 6. d5 Nce7 7. Bg2 f5 8. f3 Nf6
9. Nh3 fxe4 10. fxe4 Ng4 11. Bd2 O-O 12. Qe2 c6 13. O-O-O h6 14. Kb1 Kh7 15. Bc1
c5 16. Rdf1 Bd7 17. Bf3 Nf6 18. Nf2 Qa5 19. g4 b5 20. Ncd1 b4 21. Rfg1 Bb5 22.
Qe3 Nd7 23. Be2 Nb6 24. Bxb5 Qxb5 25. Qh3 Qe2 26. Re1 Qf3 27. Qh4 Ng8 28. Rhg1
Qf7 29. Nh3 Qe7 30. Ng5+ Kh8 31. Qh3 a5 32. Ne6 Rf7 33. Ne3 a4 34. g5 h5 35. Nf5
Qd7 36. Nh4 Kh7 37. Ref1 Raf8 38. Nxf8+ Rxf8 39. Qxd7 Nxd7 40. Rxf8 Bxf8 41. Rf1
Kg7 42. Ng2 Ne7 43. Ne3 Nc8 44. Nc4 Be7 45. Na5 Ndb6 46. Nc6 Na8 47. c3 b3 48.
axb3 axb3 49. Na5 Nab6 50. Nxb3 Nc4 51. h4 N8b6 52. Kc2 Nd7 53. Kd3 Ncb6 54. Na5
c4+ 55. Ke2 Nc5 56. Be3 Nba4 57. Bxc5 Nxc5 58. Ke3 1-0

[Event "Tata Steel India Blitz"]
[Site "Kolkata IND"]
[Date "2021.11.20"]
[Round "5.1"]
[White "Nihal, Sarin"]
[Black "Harika, Dronavalli"]
[Result "1-0"]
[WhiteTitle "GM"]
[BlackTitle "GM"]
[WhiteElo "2650"]
[BlackElo "2511"]
[WhiteFideId "25092340"]
[BlackFideId "5015197"]
[EventDate "2021.11.20"]

1. d4 d5 2. Nf3 Nf6 3. Bf4 Bf5 4. e3 e6 5. Bd3 Bxd3 6. cxd3 Bd6 7. Bg3 O-O 8.
O-O Bxg3 9. hxg3 Nbd7 10. Nc3 c5 11. Rc1 Rc8 12. Qb3 Qb6 13. Qxb6 axb6 14. Nb5
Ra8 15. a3 Ra5 16. Nd6 Ra7 17. Rc3 h6 18. Rfc1 Rd8 19. b4 cxb4 20. axb4 Nf8 21.
Nc8 Ra4 22. Ne7+ Kh7 23. Ne5 Rxb4 24. Rc7 h5 25. Rxb7 Rb2 26. Nxf7 Rd7 27. Rxd7
N6xd7 28. Rc7 b5 29. Rb7 b4 30. f3 b3 31. Kh2 Rb1 32. e4 dxe4 33. dxe4 b2 34.
Ng5+ Kh6 35. Nf7+ Kh7 36. Ng5+ Kh6 37. Nf7+ Kh7 38. Rb5 Nf6 39. Ng5+ Kh6 40.
Nf7+ Kh7 41. Ne5 g5 42. N7c6 g4 43. Rb7+ Kg8 44. Ne7+ Kh8 45. N7g6+ Nxg6 46.
Nxg6+ Kg8 47. Nf4 gxf3 48. gxf3 Rf1 49. Rxb2 Rxf3 50. e5 h4 51. Nxe6 Ne4 52.
gxh4 Kf7 53. Ng5+ Nxg5 54. hxg5 Rd3 55. Rf2+ Kg6 56. Rf6+ Kxg5 57. Rd6 Kf5 58.
e6 Kf6 59. d5 Ke7 60. Rd7+ Ke8 61. Kg2 Kf8 62. Kf2 Ke8 63. Ke2 Rd4 64. Ke3 Rd1
65. Ke4 Re1+ 66. Kd4 Rd1+ 67. Ke5 Ra1 68. Rh7 1-0

[Event "Tata Steel India Blitz"]
[Site "Kolkata IND"]
[Date "2021.11.20"]
[Round "5.3"]
[White "Shankland, Sam"]
[Black "Vidit, Santosh Gujrathi"]
[Result "1-0"]
[WhiteTitle "GM"]
[BlackTitle "GM"]
[WhiteElo "2708"]
[BlackElo "2727"]
[WhiteFideId "2004887"]
[BlackFideId "5029465"]
[EventDate "2021.11.20"]

1. e4 e5 2. Nf3 Nc6 3. d4 exd4 4. Nxd4 Nf6 5. Nxc6 bxc6 6. Bd3 d5 7. exd5 cxd5
8. O-O Be7 9. c4 d4 10. Bg5 O-O 11. Nd2 Bg4 12. Nf3 h6 13. Bxf6 Bxf6 14. h3 Be6
15. b4 a5 16. b5 Qd6 17. Re1 Rad8 18. Qc2 Qa3 19. Rac1 Rfe8 20. Re2 Bc8 21. Rce1
Rxe2 22. Qxe2 g6 23. Nd2 Qxa2 24. Qd1 Bb7 25. c5 Bd5 26. Ne4 Be7 27. Qf3 Bxe4
28. Rxe4 Bxc5 29. Qf6 Rf8 30. Rg4 Re8 31. Bxg6 Re1+ 32. Kh2 Bd6+ 33. f4 Kf8 34.
Bh7 Ke8 35. Rg8+ Kd7 36. Bf5+ Re6 37. Qxf7+ Be7 38. Bxe6+ Qxe6 39. Rd8+ 1-0

[Event "Tata Steel India Blitz"]
[Site "Kolkata IND"]
[Date "2021.11.20"]
[Round "5.5"]
[White "Le, Quang Liem"]
[Black "Sadhwani, Raunak"]
[Result "1-0"]
[WhiteTitle "GM"]
[BlackTitle "GM"]
[WhiteElo "2709"]
[BlackElo "2609"]
[WhiteFideId "12401137"]
[BlackFideId "35093487"]
[EventDate "2021.11.20"]

1. d4 Nf6 2. Nf3 g6 3. Nc3 d5 4. Bf4 Bg7 5. Nb5 Na6 6. e3 O-O 7. h3 c6 8. Nc3
Nc7 9. Bd3 Nce8 10. O-O Nd6 11. a4 a5 12. Ne2 Bf5 13. b3 Bxd3 14. Qxd3 Nde4 15.
c4 Re8 16. Rac1 e6 17. Bh2 Nd7 18. Rfd1 Qe7 19. Qc2 h5 20. Ne1 g5 21. Ng3 Nef6
22. Nd3 h4 23. Nf1 Ne4 24. f3 Nd6 25. Re1 f5 26. Kh1 g4 27. Bf4 g3 28. Nd2 Nf7
29. e4 Qf6 30. e5 Qe7 31. Be3 Nf8 32. f4 Red8 33. Qd1 Ng6 34. Qh5 Nfh8 35. cxd5
Rxd5 36. Nc4 Rdd8 37. Red1 Bf8 38. Nc5 Kg7 39. Nd6 Rab8 40. Bd2 Nf7 41. Nxf5+
exf5 42. Qxf5 Nh6 43. Qe4 Qf7 44. f5 Nxf5 45. Rf1 Nge7 46. e6 Qg6 47. Bf4 Rbc8
48. Be5+ Kh7 49. Rf4 Bh6 50. Rg4 Qh5 51. Rf1 Rg8 52. Nd7 Rcf8 53. Nf6+ Rxf6 54.
Bxf6 Rg6 55. Bxe7 Nxe7 56. Rf7+ 1-0

[Event "Tata Steel India Blitz"]
[Site "Kolkata IND"]
[Date "2021.11.20"]
[Round "6.1"]
[White "Vidit, Santosh Gujrathi"]
[Black "Maghsoodloo, Parham"]
[Result "0-1"]
[WhiteTitle "GM"]
[BlackTitle "GM"]
[WhiteElo "2727"]
[BlackElo "2706"]
[WhiteFideId "5029465"]
[BlackFideId "12539929"]
[EventDate "2021.11.20"]

1. d4 f5 2. g3 Nf6 3. Bg2 e6 4. c4 c6 5. Nd2 d5 6. Ndf3 Bd6 7. Nh3 O-O 8. O-O
Ne4 9. Bf4 Be7 10. Ne5 g5 11. Bc1 Nd7 12. Nxd7 Bxd7 13. f3 Nd6 14. c5 Nf7 15. e4
b6 16. cxb6 axb6 17. Nf2 Bf6 18. Kh1 Nh8 19. exf5 exf5 20. f4 g4 21. Be3 Nf7 22.
Nd3 Nd6 23. Ne5 Ne4 24. Bxe4 dxe4 25. Qb3+ Kg7 26. Rac1 Rc8 27. Rfd1 Be8 28. Qe6
Be7 29. Qb3 Rf6 30. d5 c5 31. Nc6 Bxc6 32. dxc6 Qe8 33. Qxb6 Rfxc6 34. Qb3 Qf7
35. Qd5 Qxd5 36. Rxd5 Kg6 37. Rc4 h5 38. Kg2 Kf6 39. b3 Bd6 40. Rd2 Ke6 41. Rdc2
Ra8 42. b4 Rca6 43. bxc5 Bc7 44. Kf1 Rxa2 45. Ke2 Kd5 46. c6 Rxc2+ 47. Rxc2 Ra6
48. Rc5+ Ke6 49. Rc2 Ra5 50. Bd4 Ra8 51. Be3 Rc8 52. Rd2 Bd6 53. Rc2 Kd5 54. Ra2
Rxc6 55. Ra5+ Ke6 56. Kd1 Rc3 57. Bb6 Rb3 58. Ba7 Rb2 59. Ke1 Bb4+ 0-1

[Event "Tata Steel India Blitz"]
[Site "Kolkata IND"]
[Date "2021.11.20"]
[Round "6.2"]
[White "Le, Quang Liem"]
[Black "Nihal, Sarin"]
[Result "1/2-1/2"]
[WhiteTitle "GM"]
[BlackTitle "GM"]
[WhiteElo "2709"]
[BlackElo "2650"]
[WhiteFideId "12401137"]
[BlackFideId "25092340"]
[EventDate "2021.11.20"]

1. d4 d5 2. Nf3 c5 3. c4 Nf6 4. cxd5 cxd4 5. Nxd4 Qxd5 6. Nc3 Qa5 7. Bd2 e5 8.
Nb3 Qb6 9. Rc1 Nc6 10. e4 Be6 11. Be3 Qd8 12. Qxd8+ Rxd8 13. Bb5 Bb4 14. f3 O-O
15. Bxc6 bxc6 16. Bc5 Bxc3+ 17. Rxc3 Rfe8 18. Na5 Bxa2 19. Nxc6 Rd7 20. Ke2 Rb7
21. b4 Nd7 22. Ra1 Be6 23. Bxa7 Ra8 24. Ra5 f6 25. Be3 Rxa5 26. bxa5 Rb2+ 27.
Kf1 Ra2 28. h4 Kf8 29. Kg1 h5 30. Rd3 Ke8 31. Rd1 Rc2 32. Nb4 Rb2 33. Bd2 Bb3
34. Bc3 Rxg2+ 35. Kxg2 Bxd1 36. a6 Nb6 37. a7 Kd7 38. Nd5 Na8 39. Bb4 Bb3 40.
Bf8 Bxd5 41. exd5 g5 42. Kg3 Kc7 43. Be7 gxh4+ 44. Kxh4 Kb7 45. Bxf6 Nb6 46. d6
Nd7 47. Bg7 Kxa7 48. Kxh5 Kb6 49. Kg6 Kc6 50. Kf5 Kxd6 51. Bxe5+ Nxe5 52. Ke4
Nxf3 1/2-1/2

[Event "Tata Steel India Blitz"]
[Site "Kolkata IND"]
[Date "2021.11.20"]
[Round "6.3"]
[White "Harika, Dronavalli"]
[Black "Shankland, Sam"]
[Result "1/2-1/2"]
[WhiteTitle "GM"]
[BlackTitle "GM"]
[WhiteElo "2511"]
[BlackElo "2708"]
[WhiteFideId "5015197"]
[BlackFideId "2004887"]
[EventDate "2021.11.20"]

1. e4 c5 2. c3 Nf6 3. e5 Nd5 4. Nf3 d6 5. d4 cxd4 6. cxd4 Nc6 7. Bc4 dxe5 8.
dxe5 Be6 9. O-O g6 10. Ng5 Bg7 11. Nxe6 fxe6 12. Nc3 Nxe5 13. Bxd5 exd5 14. Nxd5
e6 15. Qa4+ Kf7 16. Nf4 Qd7 17. Qb3 Rhd8 18. Be3 b5 19. Rad1 Qc6 20. Rc1 Nc4 21.
a4 a6 22. axb5 axb5 23. h4 Be5 24. h5 Bxf4 25. Bxf4 Rd4 26. hxg6+ hxg6 27. Be5
Rg4 28. Bg3 Rd8 29. Rfd1 Rgd4 30. Rxd4 Rxd4 31. Qc3 Qd5 32. b3 Rd1+ 33. Rxd1
Qxd1+ 34. Kh2 Qh5+ 35. Kg1 Qd1+ 36. Kh2 Qh5+ 1/2-1/2

[Event "Tata Steel India Blitz"]
[Site "Kolkata IND"]
[Date "2021.11.20"]
[Round "6.4"]
[White "Sadhwani, Raunak"]
[Black "Aronian, Levon"]
[Result "0-1"]
[WhiteTitle "GM"]
[BlackTitle "GM"]
[WhiteElo "2609"]
[BlackElo "2782"]
[WhiteFideId "35093487"]
[BlackFideId "13300474"]
[EventDate "2021.11.20"]

1. e4 e5 2. Nf3 Nc6 3. Bb5 a6 4. Ba4 Nf6 5. O-O Bc5 6. c3 b5 7. Bb3 d6 8. a4 Bb7
9. d4 Bb6 10. a5 Nxa5 11. Rxa5 Bxa5 12. Bg5 h6 13. Bh4 g5 14. Bg3 Nxe4 15. dxe5
O-O 16. Qc2 Kg7 17. Nd4 Nxg3 18. hxg3 dxe5 19. Nf5+ Kh8 20. Nxh6 Qf6 21. Ng4 Qc6
22. f3 Bb6+ 23. Kh1 Kg7 24. f4 Rh8+ 0-1